Welcome to CU Library Online Public Access Catalogue (OPAC)

Diabetes and Diet/ (Record no. 3652)

MARC details
000 -LEADER
fixed length control field 00383nam a22001457a 4500
005 - DATE AND TIME OF LATEST TRANSACTION
control field 20250208110232.0
008 - FIXED-LENGTH DATA ELEMENTS--GENERAL INFORMATION
fixed length control field 250208b |||||||| |||| 00| 0 eng d
020 ## - INTERNATIONAL STANDARD BOOK NUMBER
International Standard Book Number 9788190191265
050 ## - LIBRARY OF CONGRESS CALL NUMBER
Classification number RC662 KUM
100 ## - MAIN ENTRY--PERSONAL NAME
Personal name Kumar, Vijaya
245 ## - TITLE STATEMENT
Title Diabetes and Diet/
Statement of responsibility, etc. Vijaya Kumar
260 ## - PUBLICATION, DISTRIBUTION, ETC.
Place of publication, distribution, etc. New Delhi
Name of publisher, distributor, etc. Lotus Press
Date of publication, distribution, etc. 2004,2006
300 ## - PHYSICAL DESCRIPTION
Extent 144p.
Other physical details ill.
Dimensions 21.5cm
942 ## - ADDED ENTRY ELEMENTS (KOHA)
Source of classification or shelving scheme Library of Congress Classification
Koha item type Books
Suppress in OPAC No
999 ## -
-- 3652
-- 3652
Holdings
Withdrawn status Lost status Source of classification or shelving scheme Damaged status Not for loan Collection Home library Current library Shelving location Date acquired Total checkouts Full call number Barcode Date last seen Copy number Price effective from Koha item type
    Library of Congress Classification     Non-fiction Science Library (Miotso) Science Library (Miotso) General stacks 02/08/2025   RC662 KUM SLM00003193 02/08/2025 1 02/08/2025 Books
    Library of Congress Classification     Non-fiction Science Library (Miotso) Science Library (Miotso) General stacks 02/08/2025   RC662 KUM SLM00003194 02/08/2025 2 02/08/2025 Books
    Library of Congress Classification     Non-fiction Science Library (Miotso) Science Library (Miotso) General stacks 02/08/2025   RC662 KUM SLM00003195 02/08/2025 3 02/08/2025 Books
    Library of Congress Classification     Non-fiction Science Library (Miotso) Science Library (Miotso) General stacks 02/08/2025   RC662 KUM SLM00003196 02/08/2025 4 02/08/2025 Books
© 2023-2024 Copyright: Central University Libraries. All Rights Reserved | Created by: Mahone Tech Office